00525nam a2200193 a 4500001001300000003000900013005001700022008004100039020002300080082001600103100001800119245004400137260003800181300000900219500003500228505002600263650002400289700001800313nice12345678IN_TiNIC20260116014430.0050524s1991 newa grp 000 0 eng  a8185411 c23000a303.69bWEB aWeber, Thomas aConflict Resolution and Gandhian Ethics aNew DelhibPeace Publishersc1991 a180p aincludes index and biblioraphy2 aIndex, Quranic Verses aConflict Resolution1 aWeber, Thomas